00702nam a2200217 a 450000100100000000500170001000800410002702000180006810000210008624500540010726000300016130000100019149000280020150000540022950500770028365000210036065000210038165000270040265000250042965000300045400000201820200120221753.0990224s1992 col gr 0 000 d a958-04-1749-70 aPoe, Edgar Allan13aEl gato negro y otros cuentos /cPoe Edgar Allan. aBogotá :bNorma,c1992. a160p. 0aColección cara y cruz aEj. 1 y 2 de Biblioteca Mosquera ISBN: 9580467447 aA propósito de Edgar Allan Poe y su obra, Bogotá: Norma, 1992 - 71p.14aCUENTO AMERICANO14aCUENTO DE TERROR14aLITERATURA DE SUSPENSO14aLITERATURA DE TERROR14aLITERATURA NORTEAMERICANA